Pod kopytami stád Zv. 1-4

Bibliographic Details
Main Author: L'Amour, Louis, 1908-1988 (Author)
Format: Book
Language:Slovak
English
Published: Levoča Ústredná knižnica pre nevidiacich Mateja Hrebendu (ÚKN) 1998
Subjects:

MARC

LEADER 00000cam a2200000 a 4500
001 vtls001336061
003 SK-MaSNL
005 20260301005910.0
008 240709s1998 xo gf 0000f slo
015 |a SNBK1998/03-01974 
020 |a 808047124X  |q (viazané) 
035 |a SNK000289043 
040 |a SNK  |b slo  |c SNK  |e AACR2 
041 1 |a slo  |h eng 
044 |a xo  |c SK 
072 7 |a 821.111(73)-3  |x Americká próza  |2 konspekt 
080 |a 821.111(73)-31  |2 2011 
080 |a 821-311.3  |2 2011 
080 |a (0:003.24)  |2 2001 
100 1 |a L'Amour, Louis,  |d 1908-1988  |4 aut  |9 205449 
245 1 0 |a Pod kopytami stád  |h Slepecká tlač  |n Zv. 1-4  |c Louis L'Amour 
260 |a Levoča  |b Ústredná knižnica pre nevidiacich Mateja Hrebendu (ÚKN)  |c 1998 
300 |a 4 zv.([138, 140, 140, 140,] s. v Brailleovom písme)  |c 32 x 27 cm 
500 |a Preložené z angličtiny 
655 7 |a americké romány  |2 SNKPH  |9 1174 
655 7 |a dobrodružné romány  |2 SNKPH  |9 70486 
655 7 |a publikácie pre nevidiacich  |2 SNKPH  |9 70695 
852 |a Slovenská národná knižnica 
919 |a 80-8047-124-X 
954 |a beletria cudzojazyčná (svetová)  |2 lita 
958 |a SX 
958 |a LX 
958 |a UP 
958 |a KST 
958 |a TL 
999 |c 546521  |d 548451 
952 |t P60, <03>, [BOOK], {603}  |a SNK  |b SNK  |y PREZ  |7 0  |p 17A0147996  |o snkOSB 11868/1  |i snkKSP 6905/98  |0 0  |1 0  |4 0  |d 1998-07-06  |l 0  |r 2005-01-02 00:00:00  |w 2026-02-23 
952 |t P60, <03>, [BOOK], {603}  |a SNK  |b SNK  |y PREZ  |7 0  |p 17A0147995  |o snkOSB 11868/2  |i snkKSP 6906/98  |0 0  |1 0  |4 0  |d 1998-07-06  |l 0  |r 2005-01-02 00:00:00  |w 2026-02-23 
952 |t P60, <03>, [BOOK], {603}  |a SNK  |b SNK  |y PREZ  |7 0  |p 17A0147994  |o snkOSB 11868/3  |i snkKSP 6907/98  |0 0  |1 0  |4 0  |d 1998-07-06  |l 0  |r 2005-01-02 00:00:00  |w 2026-02-23 
952 |t P60, <03>, [BOOK], {603}  |a SNK  |b SNK  |y PREZ  |7 0  |p 17A0147997  |o snkOSB 11868/4  |i snkKSP 6908/98  |0 0  |1 0  |4 0  |d 1998-07-06  |l 0  |r 2005-01-02 00:00:00  |w 2026-02-23